[Event "Ivoti Gaucho U20 and Amateur U1800 op"]
[Site "Ivoti"]
[Date "2016.12.03"]
[Round "3.4"]
[White "Uema, Gustavo Palacios Fr"]
[Black "Trott, Natan Correa"]
[Result "0-1"]
[WhiteElo "1652"]
[BlackElo "1710"]
[PlyCount "52"]
[EventDate "2016.12.03"]
[EventType "swiss"]
[EventRounds "5"]
[EventCountry "BRA"]
[SourceTitle "EXT 2022"]
[Source "ChessBase"]
[SourceDate "2021.10.06"]
[SourceVersion "1"]
[SourceVersionDate "2021.10.06"]
[SourceQuality "1"]

1. e4 e6 2. d4 d5 3. Nc3 Nf6 4. exd5 exd5 5. Nf3 Be7 6. Bd3 Bg4 7. 0-0 0-0 8. h3 Bh5 9. g4 Bg6 10. Bxg6 hxg6 11. Bf4 c6 12. Re1 Nbd7 13. Ne5 Re8 14. Qd3 Nf8 15. Re2 Ne6 16. Bg3 Qb6 17. Nxg6 Bb4 18. Nh4 Nxd4 19. Rxe8+ Rxe8 20. Kg2 Bxc3 21. bxc3 Qb2 22. Rd1 Nxc2 23. Kf1 Ne4 24. Nf5 Nxc3 25. Rd2 Qc1+ 26. Kg2 Ne1+ 0-1

[Event "Porto Alegre Oncosinos op"]
[Site "Porto Alegre"]
[Date "2016.11.27"]
[Round "5"]
[White "Deste, Dayan Kuhn"]
[Black "Trott, Natan Correa"]
[Result "1/2-1/2"]
[WhiteElo "1993"]
[BlackElo "1710"]
[PlyCount "92"]
[EventDate "2016.11.25"]
[EventType "swiss"]
[EventRounds "5"]
[EventCountry "BRA"]
[SourceTitle "CBM 175 Extra"]
[Source "ChessBase"]
[SourceDate "2016.12.12"]
[SourceVersion "1"]
[SourceVersionDate "2016.12.12"]
[SourceQuality "1"]

1. e4 e6 2. d4 d5 3. Nc3 Nf6 4. Bg5 Bb4 5. e5 h6 6. exf6 hxg5 7. fxg7 Rg8 8. h4 gxh4 9. Nf3 Qf6 10. Rxh4 Qxg7 11. Qd3 Nc6 12. Qh7 Qxh7 13. Rxh7 Bd7 14. a3 Be7 15. 0-0-0 a6 16. g3 b5 17. Bd3 Bf6 18. Ne2 b4 19. axb4 Nxb4 20. Ne5 Bxe5 21. dxe5 Nxd3+ 22. cxd3 Ba4 23. Rdh1 c5 24. R1h4 Bb5 25. Kc2 a5 26. Nc3 Rb8 27. Rf4 Rf8 28. g4 Bc6 29. g5 Rb4 30. Rf6 Rg4 31. Rg7 c4 32. Kd2 cxd3 33. Kxd3 d4 34. Ne2 Bb5+ 35. Kd2 Bxe2 36. Kxe2 Re4+ 37. Kd3 Rxe5 38. Kxd4 Rd5+ 39. Ke4 Rd6 40. Rf3 Rb6 41. b3 Rb4+ 42. Ke5 a4 43. bxa4 Rxa4 44. Rc3 Ra5+ 45. Kd6 Rd5+ 46. Kc7 Ke7 1/2-1/2

[Event "Porto Alegre Oncosinos op"]
[Site "Porto Alegre"]
[Date "2016.11.26"]
[Round "2"]
[White "Grundler Siebel, Eduardo"]
[Black "Trott, Natan Correa"]
[Result "0-1"]
[WhiteElo "1723"]
[BlackElo "1710"]
[PlyCount "54"]
[EventDate "2016.11.25"]
[EventType "swiss"]
[EventRounds "5"]
[EventCountry "BRA"]
[SourceTitle "CBM 175 Extra"]
[Source "ChessBase"]
[SourceDate "2016.12.12"]
[SourceVersion "1"]
[SourceVersionDate "2016.12.12"]
[SourceQuality "1"]

1. e4 e6 2. Nf3 d5 3. e5 c5 4. c3 c4 5. d4 cxd3 6. Bxd3 Nc6 7. b4 Nge7 8. b5 Na5 9. Ba3 Bd7 10. Nbd2 Rc8 11. Bb4 Ng6 12. Bxg6 hxg6 13. Bxf8 Kxf8 14. Qa4 Kg8 15. Qb4 Nc4 16. a4 Rh5 17. g4 Nxd2 18. Kxd2 Rh3 19. Qf4 Rc4 20. Qe3 Qa5 21. Rhc1 Rxg4 22. Kc2 Re4 23. Qd2 Rxf3 24. Re1 Rxa4 25. Qg5 Qxc3+ 26. Kd1 Rxa1+ 27. Ke2 Qd3# 0-1

[Event "Porto Alegre IRT U2200 2nd"]
[Site "Porto Alegre"]
[Date "2016.09.03"]
[Round "3.11"]
[White "Trott, Natan Correa"]
[Black "Gusmao, Pablo da Silva"]
[Result "1-0"]
[WhiteElo "1696"]
[BlackElo "1754"]
[PlyCount "41"]
[EventDate "2016.09.03"]
[EventType "swiss"]
[EventRounds "5"]
[EventCountry "BRA"]
[SourceTitle "EXT 2022"]
[Source "ChessBase"]
[SourceDate "2021.10.06"]
[SourceVersion "1"]
[SourceVersionDate "2021.10.06"]
[SourceQuality "1"]

1. e4 c5 2. Nc3 g6 3. f4 Bg7 4. Nf3 e6 5. e5 a6 6. Ne4 f6 7. Nxc5 Qc7 8. d4 fxe5 9. fxe5 Ne7 10. Ne4 0-0 11. Bd3 Nbc6 12. c3 b5 13. Nd6 b4 14. 0-0 Nd5 15. c4 Nde7 16. g4 Nxd4 17. Nxd4 Rxf1+ 18. Qxf1 Bxe5 19. Qf7+ Kh8 20. Qf8+ Ng8 21. Nf7# 1-0

[Event "BRA-ch U18"]
[Site "Itajai"]
[Date "2016.06.12"]
[Round "6"]
[White "Trott, Natan Correa"]
[Black "Leacima, Giovane Santiago"]
[Result "0-1"]
[WhiteElo "1728"]
[BlackElo "1714"]
[PlyCount "63"]
[EventDate "2016.06.09"]
[EventType "swiss"]
[EventRounds "6"]
[EventCountry "BRA"]
[SourceTitle "CBM 172 Extra"]
[Source "ChessBase"]
[SourceDate "2016.06.21"]
[SourceVersion "1"]
[SourceVersionDate "2016.06.21"]
[SourceQuality "1"]

1. e4 g6 2. d4 Bg7 3. f4 d6 4. Nf3 a6 5. Bd3 b5 6. Be3 Bb7 7. Nbd2 Nd7 8. c3 c5 9. 0-0 Ngf6 10. Kh1 0-0 11. Qe2 Qc7 12. d5 c4 13. Bc2 Nc5 14. Rae1 a5 15. a3 Ba6 16. Nd4 Rfe8 17. f5 Nfd7 18. fxg6 fxg6 19. N2f3 e5 20. dxe6 Nxe6 21. Nxe6 Rxe6 22. Ng5 Re7 23. Qg4 Rae8 24. Bd4 Bxd4 25. cxd4 b4 26. axb4 axb4 27. Ba4 c3 28. Bb3+ Bc4 29. Bxc4+ Qxc4 30. bxc3 bxc3 31. e5 dxe5 32. d5 0-1

[Event "BRA-ch U18"]
[Site "Itajai"]
[Date "2016.06.11"]
[Round "5"]
[White "Santin, Thiago Cirino Sobri"]
[Black "Trott, Natan Correa"]
[Result "0-1"]
[WhiteElo "1645"]
[BlackElo "1728"]
[PlyCount "58"]
[EventDate "2016.06.09"]
[EventType "swiss"]
[EventRounds "6"]
[EventCountry "BRA"]
[SourceTitle "CBM 172 Extra"]
[Source "ChessBase"]
[SourceDate "2016.06.21"]
[SourceVersion "1"]
[SourceVersionDate "2016.06.21"]
[SourceQuality "1"]

1. c4 c5 2. Nc3 Nc6 3. g3 e5 4. Bg2 g6 5. Nf3 Bg7 6. 0-0 Nge7 7. d3 0-0 8. Bg5 f6 9. Bd2 d6 10. a3 a5 11. Rb1 Be6 12. Qc1 Qd7 13. Nb5 Nd4 14. Nfxd4 cxd4 15. b4 d5 16. cxd5 Nxd5 17. bxa5 Rfc8 18. Qb2 f5 19. Rfc1 Rc6 20. a4 Rac8 21. Bxd5 Bxd5 22. Bb4 Bh6 23. Bd2 f4 24. Rxc6 bxc6 25. Na3 fxg3 26. fxg3 Qh3 27. e4 dxe3 28. Bc1 Rf8 29. Qe2 Rf2 0-1

[Event "BRA-ch U18"]
[Site "Itajai"]
[Date "2016.06.10"]
[Round "2"]
[White "Trott, Natan Correa"]
[Black "Maciel, Diogo Alves"]
[Result "0-1"]
[WhiteElo "1728"]
[BlackElo "1868"]
[PlyCount "86"]
[EventDate "2016.06.09"]
[EventType "swiss"]
[EventRounds "6"]
[EventCountry "BRA"]
[SourceTitle "CBM 172 Extra"]
[Source "ChessBase"]
[SourceDate "2016.06.21"]
[SourceVersion "1"]
[SourceVersionDate "2016.06.21"]
[SourceQuality "1"]

1. e4 e5 2. Nf3 Nc6 3. d4 exd4 4. Nxd4 Bc5 5. Nb3 Bb6 6. Qe2 Qf6 7. Nc3 Nge7 8. Be3 0-0 9. 0-0-0 d6 10. f3 Re8 11. g4 Be6 12. g5 Qg6 13. f4 Bg4 14. Qxg4 Bxe3+ 15. Kb1 Qe6 16. Qg3 Bb6 17. h4 Rad8 18. Nd2 d5 19. Bh3 f5 20. gxf6 Qxf6 21. Qg5 Qf7 22. e5 Rf8 23. Rhf1 Be3 24. Ne2 Ng6 25. Rf3 Bxf4 26. Nxf4 Nxf4 27. e6 Qf6 28. Rxf4 Qxf4 29. e7 Nxe7 30. Qxe7 Rde8 31. Qg5 Qxg5 32. hxg5 Re5 33. g6 hxg6 34. c4 d4 35. Nb3 c5 36. Bg2 b6 37. Bd5+ Kh7 38. Nd2 Rf4 39. Nf3 Rxd5 40. cxd5 Rxf3 41. Re1 Rf5 42. d6 Rd5 43. Re6 g5 0-1

[Event "Porto Alegre IRT U2200 1st"]
[Site "Porto Alegre"]
[Date "2016.04.10"]
[Round "4.2"]
[White "Gazola, Andre Augusto"]
[Black "Trott, Natan Correa"]
[Result "1-0"]
[WhiteElo "2084"]
[BlackElo "1632"]
[PlyCount "99"]
[EventDate "2016.04.09"]
[EventType "swiss"]
[EventRounds "5"]
[EventCountry "BRA"]
[SourceTitle "EXT 2022"]
[Source "ChessBase"]
[SourceDate "2021.10.06"]
[SourceVersion "1"]
[SourceVersionDate "2021.10.06"]
[SourceQuality "1"]

1. e4 e6 2. d4 d5 3. Nc3 Nf6 4. Bg5 Bb4 5. e5 h6 6. Bd2 Bxc3 7. bxc3 Ne4 8. Qg4 Kf8 9. Bd3 Nxd2 10. Kxd2 Qg5+ 11. Qxg5 hxg5 12. f4 gxf4 13. Nh3 f3 14. Ng5 fxg2 15. Rhg1 Rxh2 16. Nf3 Rh3 17. Ke3 b6 18. Rxg2 Ba6 19. Rag1 Bxd3 20. cxd3 g6 21. Ke2 Nc6 22. Ng5 Rh5 23. Rf2 Nd8 24. Kf3 Rc8 25. Kg4 c5 26. Rgf1 Rc7 27. dxc5 bxc5 28. a4 Ke8 29. Rb2 Nc6 30. Re1 Kd8 31. Rb5 Rh2 32. c4 Kc8 33. cxd5 Rg2+ 34. Kf4 Nd4 35. d6 Nxb5 36. axb5 Rb7 37. Rb1 a6 38. b6 Kd7 39. Ne4 Kc6 40. Rc1 Rxb6 41. Rxc5+ Kd7 42. Rc7+ Kd8 43. Rxf7 Rb4 44. Ke3 Rxe4+ 45. Kxe4 a5 46. Re7 g5 47. Rxe6 g4 48. Rg6 Re2+ 49. Kd5 Ke8 50. Ke6 1-0

[Event "Porto Alegre IRT U2200 1st"]
[Site "Porto Alegre"]
[Date "2016.04.09"]
[Round "1.3"]
[White "Trott, Natan Correa"]
[Black "Goetz, Fabio"]
[Result "1/2-1/2"]
[WhiteElo "1632"]
[BlackElo "1993"]
[PlyCount "147"]
[EventDate "2016.04.09"]
[EventType "swiss"]
[EventRounds "5"]
[EventCountry "BRA"]
[SourceTitle "EXT 2022"]
[Source "ChessBase"]
[SourceDate "2021.10.06"]
[SourceVersion "1"]
[SourceVersionDate "2021.10.06"]
[SourceQuality "1"]

1. e4 e5 2. Nf3 Nc6 3. d4 exd4 4. Nxd4 Bc5 5. Nb3 Bb6 6. Nc3 Qf6 7. Qe2 Nge7 8. Be3 Bxe3 9. Qxe3 a6 10. Be2 d6 11. 0-0-0 0-0 12. g4 b5 13. g5 Qe6 14. h4 b4 15. Nd5 Nxd5 16. Rxd5 Re8 17. Rdd1 Bb7 18. f3 a5 19. Kb1 Ba6 20. Bxa6 Rxa6 21. Qd3 Rb6 22. Nd4 Nxd4 23. Qxd4 a4 24. Qd5 a3 25. b3 Qe5 26. Qxe5 Rxe5 27. c4 c5 28. Rd3 Kf8 29. Kc2 Ke7 30. Kd2 Kd7 31. Ke3 Kc7 32. Rhd1 Re6 33. f4 Ra6 34. Rd5 Rc6 35. h5 Re7 36. Kf3 Re6 37. f5 Re8 38. Kf4 Rb6 39. Rg1 Rbb8 40. Re1 Rb6 41. e5 dxe5+ 42. Rexe5 Rxe5 43. Rxe5 Kd6 44. Rd5+ Kc6 45. Ke5 Rb8 46. Rd6+ Kc7 47. Kd5 Re8 48. Kxc5 Re2 49. Ra6 Kb7 50. Rb6+ Kc7 51. Ra6 Kb7 52. Ra5 Rxa2 53. Kxb4 Rg2 54. g6 fxg6 55. fxg6 hxg6 56. hxg6 a2 57. c5 Kc7 58. Kb5 Rb2 59. b4 Rg2 60. Ra7+ Kb8 61. Ra6 Kc7 62. Kc4 Kb7 63. b5 Rb2 64. c6+ Kc7 65. Kc5 Rc2+ 66. Kd5 Rd2+ 67. Kc4 Rb2 68. Kc3 Rxb5 69. Rxa2 Kxc6 70. Ra7 Rb7 71. Rxb7 Kxb7 72. Kd4 Kc6 73. Ke5 Kd7 74. Kd5 1/2-1/2

[Event "Porto Alegre Gaucho op"]
[Site "Porto Alegre"]
[Date "2015.11.02"]
[Round "5"]
[White "Noronha, Natanael Muana C"]
[Black "Trott, Natan Correa"]
[Result "0-1"]
[WhiteElo "1849"]
[BlackElo "1632"]
[PlyCount "72"]
[EventDate "2015.10.31"]
[EventType "swiss"]
[EventRounds "6"]
[EventCountry "BRA"]
[SourceTitle "CBM 169 Extra"]
[Source "ChessBase"]
[SourceDate "2015.12.18"]
[SourceVersion "1"]
[SourceVersionDate "2015.12.18"]
[SourceQuality "1"]

1. e4 e5 2. Nf3 Nc6 3. d4 exd4 4. Bc4 d6 5. Nxd4 Nf6 6. Nc3 g6 7. Nxc6 bxc6 8. Bg5 Bg7 9. Qf3 0-0 10. 0-0-0 h6 11. Bh4 g5 12. e5 Nd7 13. Bg3 Nxe5 14. Bxe5 Bxe5 15. Qxc6 Bd7 16. Qe4 Rb8 17. Rd3 Kg7 18. g3 f5 19. Qe2 Bc6 20. Bd5 Bxd5 21. Rxd5 Re8 22. Qc4 Qd7 23. Ra5 c6 24. Rd1 Qb7 25. b3 Qb6 26. Ra6 Qxf2 27. Rxc6 Rb7 28. Nd5 Qf3 29. Rc7+ Rxc7 30. Qxc7+ Kg6 31. Qd7 Rf8 32. Qe6+ Kg7 33. Re1 Qf2 34. Rd1 Qc5 35. b4 Qc4 36. Nf4 Bxf4+ 0-1

[Event "Nova Petropolis Gaucho op"]
[Site "Nova Petropolis"]
[Date "2015.03.14"]
[Round "5"]
[White "Martins, Anderson Donay"]
[Black "Trott, Natan Correa"]
[Result "1-0"]
[WhiteElo "2013"]
[BlackElo "1800"]
[PlyCount "55"]
[EventDate "2015.03.13"]
[EventType "swiss"]
[EventRounds "7"]
[EventCountry "BRA"]
[SourceTitle "CBM 165 Extra"]
[Source "ChessBase"]
[SourceDate "2015.04.21"]
[SourceVersion "1"]
[SourceVersionDate "2015.04.21"]
[SourceQuality "1"]

1. e4 e5 2. Nf3 Nc6 3. Bb5 f5 4. d3 d6 5. Nc3 Nf6 6. 0-0 Be7 7. h3 0-0 8. Re1 h6 9. Bc4+ Kh8 10. Nh4 Qe8 11. exf5 Nd4 12. Ng6+ Kh7 13. Nxf8+ Qxf8 14. g4 b6 15. Be3 Bb7 16. Bxd4 exd4 17. Ne4 d5 18. Nxf6+ Qxf6 19. Qf3 Rd8 20. Re6 Qh4 21. Rae1 Bd6 22. Bb3 Qg5 23. f6 Rf8 24. Qf5+ Qxf5 25. gxf5 gxf6 26. Kf1 h5 27. Rxd6 cxd6 28. Re7+ 1-0